Prieskum v Gemerskej knižnici P. Dobšinského

Bibliographic Details
Main Author: Škrabová, Andrea (Author)
Format: Article
Language:Slovak
ISSN:1335-7581
Subjects:

MARC

LEADER 00000nab a2200000 a 4500
001 vtls010279438
003 SK-MaSNL
005 20260304182144.0
008 110518c20110504xo dr| 0 0slo
038 |a RVGKPD 
040 |a RVGKPD  |b slo  |c RVGKPD  |e AACR2 
041 |a slo 
044 |a xo  |c SK 
080 |a 027.53  |2 1997 
100 1 |a Škrabová, Andrea  |4 aut  |9 1512957 
245 1 0 |a Prieskum v Gemerskej knižnici P. Dobšinského  |c Andrea Škrabová 
610 2 7 |a Gemerská knižnica Pavla Dobšinského v Rožňave  |2 rvgkpd  |9 33804 
650 0 7 |a prieskumy  |2 rvgkpd  |9 362573 
650 0 7 |a vysokoškolskí študenti  |2 rvgkpd  |9 3981 
651 7 |a Rožňava (Slovensko)  |2 rvgkpd  |9 17394 
773 0 |t Gemerský korzár  |g Roč. XIII, č. 102 (4.5.2011), s. 9  |x 1335-7581 
852 |a RVGKPD  |b KIS3G 
992 |a RBX 
999 |c 3027849  |d 3029779